Normal view
MARC view
- DE-ELECT-39
Entry Topical Term
001 - CONTROL NUMBER
- control field: 86245
003 - CONTROL NUMBER IDENTIFIER
- control field: NUST
005 - DATE AND TIME OF LATEST TRANSACTION
- control field: 20211209122647.0
008 - FIXED-LENGTH DATA ELEMENTS
- fixed length control field: 211209|| aca||aabn | a|a d
040 ## - CATALOGING SOURCE
- Original cataloging agency: NUST
- Transcribing agency: NUST
150 ## - HEADING--TOPICAL TERM
- Topical term or geographic name entry element: DE-ELECT-39
670 ## - SOURCE DATA FOUND
- Source citation: Work cat.: (NUST): Hashim Omer Syed Abdullah Hassan Ali Maimoon Zafar 86243, PR-SOF-2080-Seizure Detection Using EEG, 2021.
